01155nab a22002417a 4500999001500000003000400015005001700019008004100036040000700077100003000084245011600114260007300230300001400303500004200317505016100359505009000520650003200610650003900642650003000681650004200711773014700753942001300900 c5406d5406OSt20250312082352.0190604e xxu||||| |||| 00| 0 spa d cPJ 96434aVillata, Ricardo A.10aModificaciones de la Ley Bases a la normativa nacional de procedimientos administrativos /cRicardo A. Villata. aCiudad Autónoma de Buenos Aires :bThomson Reuters La Ley, c2024. ap. 90-118 aCita Online: TR LALEY AR/DOC/1969/24. aSumario: I. Introducción.— II. El nuevo ordenamiento sobre procedimientos administrativos.— III. Una aclaración, una conclusión y una reflexión. t¿Te interesa el texto completo? Solicitalo al correo: koha@justierradelfuego.gov.ar  09211aDERECHO ADMINISTRATIVO 091135aPROCEDIMIENTO ADMINISTRATIVO 091171aACTO ADMINISTRATIVO 093532aSILENCIO DE LA ADMINISTRACIÓN0 0271493171dCiudad Autónoma de Buenos Aires : Thomson Reuters La Ley, 2014-tRevista anales de legislación argentina. Nº 8 - Agosto 2024. 2udccANA